000 01257cad a22001935a 4500
001 L154403
008 111125e2011 xxk 000 0 eng d
035 _a(Sirsi) u154403
041 0 _aeng
110 2 _aUnited Kingdom
_bDepartment of Energy and Climate Change
_95850
245 0 0 _a2011 annual energy statement
_h[electronic resource]
260 _aLondon
_bDECC
_c2011
520 _aSecond Annual Energy Statement (AES) delivered to Parliament on 23 November 2011. Describes progress made in the year since the last AES and makes particular focus on the impact of policies on energy prices and bills. Part of the strategy of reducing the amount of energy used in homes is the introduction of the Green Deal from October 2012 which will make energy saving easier for householders, owners and tenants. Other measures include the Energy Company Obligation which is a subsidy to help the fuel poor and those with hard-to-insulate homes cut their energy use and their bills.
590 _aKA NTK
651 4 _aUnited Kingdom
_y
690 _aENVIRONMENTAL AND LAND CONSULTANCY-ENERGY-ENERGY USE-ENERGY EFFICIENCY
856 4 0 _uhttps://www.decc.gov.uk/en/content/cms/news/aes_2011/aes_2011.aspx
_zView the item free of charge at www.decc.gov.uk
942 _n0
999 _c83602
_d83602